00681 2200169 4500245003700000020001800037250001100055100000800066650004900074005001900123260003100142041001400173084001000187300002900197500027600226336000900502 aNgubek Ngubek JakartecCaihText a602-220-141-1 aCet. 1 aCai aAspek Spesifik tentang Budaya dan Kebudayaan a20240506112523 aJakartabkawah mediac2014 aIndonesia a306.4 aiv+184hlm. :c14 x 20 cm aBuat bertahan di Jakarta modal selfi depan Monas atau dugem dalam bajaj aja masih belom cukup beberapa kemampuan harus lo siapin mulai dari sabuk hitam di bidang salip menyalip, menguasai teknik berenang di arus banjir sampai ilmu berbasa basi dengan sosialita di ibukota atext